Fishes of the world
Αποθηκεύτηκε σε:
| Κύριος συγγραφέας: | |
|---|---|
| Μορφή: | Βιβλίο |
| Γλώσσα: | English |
| Δημοσίευση: |
New York :
John Wiley and sons,
c1994
|
| Έκδοση: | 3rd ed. |
| Θέματα: | |
| Ετικέτες: |
Προσθήκη ετικέτας
Δεν υπάρχουν, Καταχωρήστε ετικέτα πρώτοι!
|
MARC
| LEADER | 00000nam a2200000 i 4500 | ||
|---|---|---|---|
| 001 | 1/103690 | ||
| 008 | 000301s1994 eng d | ||
| 020 | |a 0471547131 | ||
| 035 | |l 10058569 | ||
| 040 | |a GR-MY-UA |b gre |e aacr | ||
| 041 | 0 | |a eng | |
| 082 | 0 | |a 597.0012 | |
| 100 | 1 | |a Nelson, Joseph S. | |
| 245 | 1 | 0 | |a Fishes of the world / |c Joseph S. Nelson |
| 250 | |a 3rd ed. | ||
| 260 | |a New York : |b John Wiley and sons, |c c1994 | ||
| 300 | |a xvii, 600 σ.; |b εικ.; |c 25 εκ. | ||
| 504 | |a Περιέχει βιβλιογραφικές παραπομπές (σ. 467-540) και ευρετήριο | ||
| 650 | 0 | 0 | |a Fishes |x Classification. |
| 852 | |a INST |b LESVOS |e 20000301 |h 597.0012 NEL |p 005100023921 |q 005100023921 |t BK |y 4 |x 20191111 | ||
| 901 | |a BIBL1-2000-1 | ||
| 909 | |a Λ |b 073445 | ||
| 922 | |a 1ΕΛΗ |b 199912 |c ΚΠΣ/ΤΠ |d GLORY | ||
| 950 | |a 107-1999-12-21 | ||
| 970 | |a ΤΖΑΦΕΡΗ |b ΕΥΑΓΓΕΛΙΑ |z 2000/03/02 | ||